000 00962nam a2200265Ia 4500
003 OSt
005 20220923211311.0
006 a|||||r|||| 00| 0
007 ta
008 220922b |||||||| |||| 00| 0 hin d
020 _a9788179756225 (hbk)
_c350
024 _a285,435
037 _b26, 02/02/2015, P. K. Books
_cTextual
040 _aARTS
_cARTS
_bhin
041 _2hin
_ahin
082 _aV2,4N25.N, 152Q4
100 _aमाहेश्वरी, अरूण
_9156263
245 0 _aआर एस एस और उसकी विचारधारा
246 _aĀr es es aur usakī vichāradhārā
260 _aनई दिल्ली
_b अनामिका पब्लिशर्स
_c2014
300 _a166पृ.
_ccm.
650 _aविश्व-इतिहास
942 _hV2,4N25.N, 152Q4
_cTEXL
_2CC
999 _c298250
_d298250